Comentarios a la constitución

Shranjeno v:
Bibliografske podrobnosti
Glavni avtor: Garrido Falla, Fernando (Author)
Format: Knjiga
Jezik:španščina
Izdano: Madrid Civitas 1980
Teme:
Oznake: Označite
Brez oznak, prvi označite!

MARC

LEADER 00000nam a2200000 a 4500
001 UCT9596
003 CL-VaPUC
008 970411e19800000SP |||||||||||||||||spa|d
082 0 4 |a 342.001  |b GAR  |2 21 
100 |a Garrido Falla, Fernando  |e author  |9 391225 
245 1 0 |a Comentarios a la constitución 
300 |a 1836 p 
942 |c BK 
945 |d 19970411 00:00:00  |a paguirre 
260 |a Madrid  |b Civitas  |c 1980 
650 0 |a Derecho constitucional   |9 222588 
650 0 |a Constituciones  |9 255417 
650 0 |a Derecho público   |9 255910 
650 0 |a Libertad individual  |9 352859 
650 0 |a Derechos civiles y políticos   |9 338684 
650 0 |a Poder político  |9 255509 
650 0 |a Poder judicial  |9 254871 
650 0 |a Parlamento  |9 338611 
651 0 |a España  |9 254926 
583 |a last modification  |c 19970411 00:00:00  |k Rodrigo Vera 
999 |c 257979  |d 257977 
952 |0 0  |1 0  |4 0  |6 342_001000000000000_GAR_1980  |7 0  |8 A  |9 281709  |a BIBDER  |b BIBDER  |d 2019-11-19  |i 1826492  |o 342.001 GAR 1980  |p 1826492  |r 2023-01-25  |w 2019-11-19  |y BK  |k DER